000 00607nam a22001937a 4500
999 _c11421
_d11421
003 AR-CdUCM
008 190403b ||||| |||| 00| 0 spa d
040 _aMUNICIPALIDAD PROVINCIAL DEL CUSCO
_cBIBLIOTECA MUNICIPAL DEL CUSCO
082 _aEP / 398.85 /
_bR84
100 _aRosenthal, Christine y Kurt
_928774
245 _aEl puente de Ichu /
260 _aLima :
_bEditorial Salesiana,
_c1994.
300 _a36 paginas ;
_bIlustraciones,
_c20 cm.
505 _aContenido :Folclor peruano /
650 _aEducación peruana
_93585
650 _aFlolklor
_928775
942 _2ddc
_cLIBROS
945 _arjall